| 000 | 01181cab a2200373 4500 | ||
|---|---|---|---|
| 001 | ABS52716 | ||
| 008 | 090401t1995 xxu||||| |||| 00| 0 eng d | ||
| 035 | _a(Sirsi) u92696 | ||
| 041 | _aeng | ||
| 100 | _aPym, A. | ||
| 245 | _aCompensation matters | ||
| 260 | _c1995 | ||
| 350 | _a0 | ||
| 490 |
_aCountry Landowner _vApril 1995, 22-25(2) |
||
| 520 | _aA resume of compensation for BT wayleaves, electricity wayleaves, seismic surveys, highway works, management agreements with English Nature and wind farming. | ||
| 650 | _aBRITISH COAL | ||
| 650 | _aBRITISH TELECOM | ||
| 650 | _aCOMPENSATION | ||
| 650 | _aCOUNTRY LANDOWNERS ASSOCIATION | ||
| 650 | _aENGLISH NATURE | ||
| 650 | _aHIGHWAYS AGENCY | ||
| 650 | _aMANAGEMENT AGREEMENTS | ||
| 650 | _aONSHORE OIL EXPLORATION | ||
| 650 | _aROYALTIES | ||
| 650 | _aSEISMIC SURVEYS | ||
| 650 | _aSITES OF SPECIAL SCIENTIFIC INTEREST | ||
| 650 | _aUK ONSHORE OPERATORS ASSOCIATION | ||
| 650 | _aUKOOA | ||
| 650 | _aWAYLEAVES | ||
| 650 | _aWIND FARMS | ||
| 690 | _aENVIRONMENTAL AND LAND CONSULTANCY-PLANNING AND DEVELOPMENT-COMPULSORY PURCHASE AND COMPENSATION | ||
| 942 | _n0 | ||
| 948 | _c04/03/1997 | ||
| 999 |
_c58749 _d58749 |
||